000 00787nam a2200241 a 4500
001 49618
003 BD-RjUL
005 20211209054714.0
008 160822s1972 bg ||||| |||| 00| 0 ben d
020 _c: TK 5.00
035 _a(BD-RjUL)49737
040 _aBD-RjUL
_bben
_cBD-RjUL
041 _aben
082 _223
_a891.443
_bISS 1972
100 1 _aইসহাক, আবু
_9125879
245 1 0 _aসূর্য-দীঘল বাড়ী /
_cআবু ইসহাক
250 _a১০ম সং.
260 _aঢাকা :
_bইনায়েত রসুল,
_c১৯৭২
300 _a[৬], ১৬০ পৃ. ;
_c২১ সেমি.
650 _aবাংলা উপন্যাস
_9125880
650 _aBengali Fiction
_9125881
942 _2ddc
_cBK
999 _c49618
_d49618